Gaming Quiz

Random Gaming or Video Games Quiz

Street Fighter EX3 Character Select Screen Quiz Stats

 Plays Quiz not verified by Sporcle

Challenge
Share
Tweet
Score 0/27 Timer 01:00
0 Plays Today
Character % Correct
M. Bison
90.2%
M. Bison II
90.2%
Evil Ryu
87.6%
Ken Masters
86.9%
Ryu
86.9%
Chun-Li
77.8%
Blanka
77.1%
Guile
68.6%
Dhalsim
65.4%
Ace
64.1%
Vega
62.7%
Sagat
60.1%
Sakura Kasugano
60.1%
Zangief
58.2%
Character % Correct
Area
54.2%
Skullomania
53.6%
Pullum Purna
52.9%
Darun Mister
50.3%
Sharon
50.3%
Cracker Jack
49.7%
Garuda
49.7%
Doctrine Dark
49%
Hokuto
49%
Kairi
45.8%
Nanase
45.1%
Vulcano Rosso
36.6%
Shadow Geist
32%

You're not logged in!

Compare scores with friends on all Sporcle quizzes.
Join for Free
OR
Log In

You Might Also Like...

Show Comments

Extras

Top Quizzes Today


Score Distribution

Your Account Isn't Verified!

In order to create a playlist on Sporcle, you need to verify the email address you used during registration. Go to your Sporcle Settings to finish the process.

Report this User

Report this user for behavior that violates our Community Guidelines.

Details: